[Event "AUTO-ELITE-1808"]
[Site "http://www.queenalice.com/game.php?id=1502457"]
[Date "2017.11.7"]
[Round "2"]
[White "preza"]
[Black "TigranPetrosian"]
[Result "0-1"]
[WhiteElo "2276"]
[BlackElo "2615"]

1. e4 e5 2. Nf3 Nc6 3. Bc4 Bc5 4. O-O Nf6 5. d3 d6 6. c3 h6 7. Re1 O-O 8. Nbd2
Re8 9. Bb5 a6 10. Bxc6 bxc6 11. Nc4 a5 12. Be3 Bxe3 13. Nxe3 c5 14. Qa4 Bd7 15.
Qb3 Ng4 16. Rad1 a4 17. Qa3 Nf6 18. h3 Qc8 19. Re2 Nh5 20. Red2 Bxh3 21. gxh3
Qxh3 22. Nh2 Re6 23. Kh1 Rg6 24. Rg1 Rxg1+ 25. Kxg1 Nf4 26. b3 Qh4 27. Qb2 axb3
28. Qxb3 c4 29. dxc4 Nh3+ 30. Kg2 Re8 31. a4 Re6 32. Qb8+ Kh7 33. Kf1 Qf4 34.
Kg2 Ng5 35. Rc2 Qxe4+ 36. Kf1 Qh1+ 37. Ke2 Qxh2 38. Qb7 e4 39. Qb1 f5 40. c5
dxc5 41. Qf1 Rd6 42. Nxf5 Qh5+ 43. f3 Qh2+ 44. Ke3 Qxc2 45. Nxd6 Qxc3+ 46. Kf2
cxd6 47. f4 Qf3+ 48. Ke1 Qe3+ 49. Kd1 Nf3 50. Kc2 Nd4+ 0-1

[Event "AUTO-ELITE-1879"]
[Site "http://www.queenalice.com/game.php?id=1506900"]
[Date "2017.12.5"]
[Round "2"]
[White "TigranPetrosian"]
[Black "Nguxi59"]
[Result "1/2-1/2"]
[WhiteElo "2607"]
[BlackElo "2612"]

1. d4 Nf6 2. c4 g6 3. Nc3 d5 4. cxd5 Nxd5 5. Na4 Bg7 6. e4 Nb6 7. Be3 O-O 8. Nf3
Bg4 9. Nc5 Nc6 10. Nxb7 Qb8 11. Ba6 e5 12. d5 Nb4 13. Nc5 N6xd5 14. exd5 e4 15.
Nxe4 Nxa6 16. O-O Re8 17. Ng3 Rd8 18. h3 Bc8 19. Bg5 f6 20. Be3 Qb7 21. Ne4 Rxd5
22. Qe2 Qb5 23. Qc2 f5 24. a4 Qb7 25. Nc3 Rd8 26. Rfd1 Re8 27. Bd4 Bf8 28. Qd2
Nb4 29. Qg5 c6 30. Qf6 Qg7 31. Qxg7+ Bxg7 32. Bxg7 Kxg7 33. Rd6 Rb8 34. Rad1 c5
35. Nb5 1/2-1/2

[Event "AUTO-ELITE-1879"]
[Site "http://www.queenalice.com/game.php?id=1506901"]
[Date "2017.12.5"]
[Round "2"]
[White "Nguxi59"]
[Black "TigranPetrosian"]
[Result "1/2-1/2"]
[WhiteElo "2613"]
[BlackElo "2627"]

1. e4 e6 2. d4 d5 3. Nd2 Nf6 4. e5 Nfd7 5. Bd3 c5 6. c3 Nc6 7. Ne2 cxd4 8. cxd4
f6 9. exf6 Nxf6 10. O-O Bd6 11. Nf3 O-O 12. Bf4 Nh5 13. Bxd6 Qxd6 14. Qd2 Bd7
15. Rae1 Rae8 16. Qe3 e5 17. dxe5 Nxe5 18. Nxe5 Qxe5 19. Qxe5 Rxe5 20. Nc3 Rxe1
21. Rxe1 Nf4 22. Bf1 Rd8 23. g3 Nh3+ 24. Kg2 Ng5 25. f4 Bh3+ 26. Kf2 Bxf1 27.
Rxf1 Ne6 28. Rd1 Nc7 29. g4 Kf7 30. f5 h5 31. h3 g6 32. Ke3 hxg4 33. hxg4 gxf5
34. gxf5 b6 35. Kf4 d4 36. Ne4 d3 37. Rd2 Nd5+ 38. Ke5 Ne3 39. Ng5+ Kg8 40. Ke4
Nc4 41. Rxd3 Nd2+ 42. Ke3 Nc4+ 43. Ke2 Re8+ 44. Ne6 Kf7 45. b3 Kf6 46. Rd5 Nd6
47. Rxd6 Kxf5 48. Kd3 Rxe6 49. Rd7 a6 50. Ra7 Ke5 51. Rxa6 Kd5 52. Ra4 Kc5 53.
Rc4+ 1/2-1/2

[Event "AUTO-ELITE-1943"]
[Site "http://www.queenalice.com/game.php?id=1516744"]
[Date "2018.2.20"]
[Round "1"]
[White "TigranPetrosian"]
[Black "Seleuco"]
[Result "0-1"]
[WhiteElo "2581"]
[BlackElo "2610"]

1. d4 Nf6 2. c4 e6 3. Nc3 Bb4 4. f3 c5 5. d5 O-O 6. e4 exd5 7. cxd5 d6 8. Bd3
Nfd7 9. Ne2 Ne5 10. Bc2 Nbd7 11. O-O Nf6 12. f4 Ng6 13. a3 Ba5 14. Ng3 Bg4 15.
Qd3 Bd7 16. Qf3 Re8 17. Nh5 Nxh5 18. Qxh5 Qf6 19. Qf3 c4 20. Kh1 Qh4 21. Bd2 Bg4
22. Qe3 Bb6 23. Qe1 Qxe1 24. Raxe1 Bd7 25. Be3 Bxe3 26. Rxe3 b5 27. e5 dxe5 28.
Bxg6 hxg6 29. fxe5 a5 30. Rc1 b4 31. Ne2 c3 32. bxc3 b3 33. Nd4 a4 34. Kg1 Ra5
35. c4 Rc5 36. Kf2 Rec8 37. Rec3 Rxd5 38. Nxb3 Rxe5 39. Nd2 Rf5+ 40. Rf3 Rh5 41.
h3 Bc6 42. Rd3 Rf5+ 43. Kg1 f6 44. Re1 Rc5 45. Re7 g5 46. Rd4 Kf8 47. Ra7 Re5
48. Kf2 Re7 49. Ra6 Bb7 50. Rb6 Rce8 51. Nf3 Re2+ 52. Kg3 Bxf3 53. gxf3 R2e3 54.
c5 Rxa3 55. c6 Kf7 56. Rb7+ Re7 57. h4 gxh4+ 58. Rxh4 Rxb7 59. cxb7 Rb3 60. Rxa4
Rxb7 61. f4 g6 62. Ra3 f5 63. Ra6 Kg7 0-1

[Event "AUTO-ELITE-1943"]
[Site "http://www.queenalice.com/game.php?id=1516745"]
[Date "2018.2.20"]
[Round "1"]
[White "Seleuco"]
[Black "TigranPetrosian"]
[Result "1-0"]
[WhiteElo "2580"]
[BlackElo "2619"]

1. b3 e5 2. Bb2 Nc6 3. e3 Nf6 4. Bb5 Bd6 5. Be2 O-O 6. c4 Re8 7. a3 Bf8 8. d3 g6
9. Nf3 d5 10. cxd5 Nxd5 11. O-O Bg7 12. Qc2 f5 13. b4 a6 14. Rd1 Qe7 15. Nbd2 g5
16. Nb3 g4 17. Nfd2 Qg5 18. Re1 f4 19. exf4 exf4 20. Ne4 Qg6 21. Bxg7 Kxg7 22.
Rac1 f3 23. Bf1 Kg8 24. g3 Nce7 25. Qc4 c6 26. Na5 Rb8 27. Qd4 Ra8 28. Nc3 Nxc3
29. Rxc3 Nd5 30. Rcc1 Rf8 31. Re5 Rb8 32. Qa7 Bf5 33. d4 Qd6 34. Bc4 Qd7 35. Qc5
Be6 36. a4 Bf7 37. b5 axb5 38. axb5 Rfc8 39. bxc6 bxc6 40. Bd3 Bg6 41. Bf1 Bf7
42. Nxc6 Kh8 43. Nxb8 Rxc5 44. Rxc5 Qd6 45. Nc6 Nf6 46. Ne7 Qxd4 47. Rc8+ Ne8
48. Rf5 Kg7 49. Rf4 Qd7 50. Nf5+ Kg6 51. Rc6+ Kg5 52. Nd4 Bd5 53. Rc5 Kg6 54.
Bb5 1-0

[Event "AUTO-ELITE-1947"]
[Site "http://www.queenalice.com/game.php?id=1517416"]
[Date "2018.2.25"]
[Round "1"]
[White "Alsina"]
[Black "TigranPetrosian"]
[Result "1/2-1/2"]
[WhiteElo "2532"]
[BlackElo "2610"]

1. e4 c5 2. Nf3 e6 3. d4 cxd4 4. Nxd4 a6 5. Nc3 Qc7 6. Bd3 Bc5 7. Nb3 Be7 8. O-O
Nf6 9. f4 d6 10. Qe2 Nc6 11. Bd2 b5 12. a4 b4 13. Nd1 O-O 14. Ne3 a5 15. Be1 Nd7
16. Bg3 Bf6 17. e5 dxe5 18. Ng4 Ba6 19. Nxf6+ Nxf6 20. fxe5 Bxd3 21. cxd3 Nd5
22. Qe4 Rfc8 23. Rac1 Qd8 24. Bh4 Nce7 25. Nc5 Qb6 26. d4 Ng6 27. Bg5 Rc7 28. h4
h6 29. h5 Nge7 30. Bxe7 Rxe7 31. Rf3 Rf8 32. Rcf1 Kh8 33. Qd3 Qd8 34. Rg3 Qb6
1/2-1/2

[Event "AUTO-ELITE-1947"]
[Site "http://www.queenalice.com/game.php?id=1517417"]
[Date "2018.2.25"]
[Round "1"]
[White "TigranPetrosian"]
[Black "Alsina"]
[Result "1/2-1/2"]
[WhiteElo "2612"]
[BlackElo "2505"]

1. d4 Nf6 2. c4 e6 3. Nc3 Bb4 4. f3 d5 5. a3 Be7 6. e4 dxe4 7. fxe4 e5 8. d5 Bc5
9. Bg5 h6 10. Bh4 a5 11. Nf3 O-O 12. Bd3 Nbd7 13. Qe2 Bd6 14. O-O a4 15. Bc2 Nc5
16. h3 Bd7 17. Rad1 Kh8 18. Ne1 Be7 19. Kh1 Ne8 20. Bg3 f6 21. Nf3 Nd6 22. Bf2
b6 23. Rde1 Kh7 24. Be3 Rg8 25. Nd2 Qe8 26. Kh2 Kh8 27. Rf2 Qc8 28. Ref1 Rf8 29.
Rf3 1/2-1/2

[Event "AUTO-ELITE-1958"]
[Site "http://www.queenalice.com/game.php?id=1519772"]
[Date "2018.3.15"]
[Round "1"]
[White "TigranPetrosian"]
[Black "prego"]
[Result "0-1"]
[WhiteElo "2598"]
[BlackElo "2529"]

1. d4 Nf6 2. c4 e6 3. Nc3 Bb4 4. f3 d5 5. a3 Be7 6. e4 dxe4 7. fxe4 e5 8. d5 Bc5
9. Bg5 O-O 10. Nf3 Bg4 11. h3 Bxf3 12. Qxf3 Nbd7 13. Bd3 a5 14. O-O-O Be7 15.
Bd2 Bc5 16. g4 Qe7 17. Kb1 Ne8 18. h4 Bd4 19. Nb5 Nc5 20. Nxd4 exd4 21. Bf4 f6
22. Bc2 Nd6 23. Rxd4 Rae8 24. Re1 b6 25. Qc3 Rf7 26. Rdd1 Qd7 27. e5 fxe5 28.
Bxe5 Ref8 0-1

[Event "AUTO-ELITE-1893"]
[Site "http://www.queenalice.com/game.php?id=1520254"]
[Date "2018.3.19"]
[Round "2"]
[White "jacconsultoria"]
[Black "TigranPetrosian"]
[Result "1-0"]
[WhiteElo "2695"]
[BlackElo "2567"]

1. d4 Nf6 2. Bg5 d5 3. Bxf6 gxf6 4. e3 c5 5. dxc5 Nc6 6. a3 e5 7. Nc3 Be6 8. Qf3
Bxc5 9. Bb5 a6 10. Ba4 f5 11. O-O-O Qa5 12. b4 Bxb4 13. axb4 Qxb4 14. Nge2 Rg8
15. Bb3 Ne7 16. Na2 Qa3+ 17. Kd2 Rc8 18. Ke1 b5 19. Qh5 a5 20. Nec3 Rxc3 21.
Nxc3 Qb4 22. Kd2 Rxg2 23. Qf3 Rg7 24. Qe2 Bd7 25. Rb1 Qc5 26. Qd3 Bc6 27. Rhf1
Rg6 28. Ke1 a4 29. Ba2 Qa3 30. Bxd5 Nxd5 31. Nxd5 Qxd3 32. cxd3 Bxd5 33. Rxb5
Be6 34. Ra5 Rh6 35. Rxa4 Rxh2 36. Ra5 e4 37. d4 Ke7 38. d5 Bc8 39. Rg1 Bd7 40.
Rg7 Rh1+ 41. Ke2 Rh6 42. Rg5 Rd6 43. Rh5 h6 44. Kd2 1-0

[Event "AUTO-ELITE-1893"]
[Site "http://www.queenalice.com/game.php?id=1520255"]
[Date "2018.3.19"]
[Round "2"]
[White "TigranPetrosian"]
[Black "jacconsultoria"]
[Result "0-1"]
[WhiteElo "2562"]
[BlackElo "2700"]

1. d4 d5 2. c4 e6 3. Nc3 Nf6 4. cxd5 exd5 5. Bg5 Be7 6. Qc2 c6 7. e3 Nbd7 8. Bd3
O-O 9. Nge2 Re8 10. O-O Nf8 11. f3 h6 12. Bh4 Ne6 13. Rad1 b6 14. Kh1 b5 15. Bf2
Bb7 16. Rfe1 a5 17. Bf5 Bc8 18. Ng3 Ng5 19. Bd3 Bd6 20. e4 Bxg3 21. Bxg3 dxe4
22. Nxe4 Ngxe4 23. fxe4 Bg4 24. Rd2 Nh5 25. Bf2 Rc8 26. Qc3 Nf4 27. Bb1 Ng6 28.
Rc1 Bh5 29. Re1 Bg4 30. h3 Bd7 31. Bg3 Qg5 32. Bd6 b4 33. Qc2 Rcd8 34. e5 Bf5
35. Qxf5 Rxd6 36. Qxg5 hxg5 37. Rdd1 Rde6 38. Bf5 R6e7 39. Bxg6 fxg6 40. Rc1 Rd8
41. Rc4 Red7 42. Re4 Rd5 43. b3 Kf7 44. Kh2 Ke7 45. Rg4 c5 0-1

[Event "AUTO-ELITE-1964"]
[Site "http://www.queenalice.com/game.php?id=1522065"]
[Date "2018.4.2"]
[Round "1"]
[White "TigranPetrosian"]
[Black "FabioDavid"]
[Result "0-1"]
[WhiteElo "2629"]
[BlackElo "2509"]

1. d4 Nf6 2. c4 g6 3. Nc3 Bg7 4. e4 d6 5. f3 O-O 6. Be3 c5 7. Nge2 Nc6 8. d5 Ne5
9. Ng3 h5 10. Be2 h4 11. Nf1 e6 12. Nd2 exd5 13. cxd5 h3 14. g4 Bxg4 0-1

[Event "AUTO-ELITE-1964"]
[Site "http://www.queenalice.com/game.php?id=1522066"]
[Date "2018.4.2"]
[Round "1"]
[White "FabioDavid"]
[Black "TigranPetrosian"]
[Result "1/2-1/2"]
[WhiteElo "2511"]
[BlackElo "2610"]

1. b3 d5 2. Bb2 Nf6 3. e3 c5 4. Bb5+ Bd7 5. Bxd7+ Qxd7 6. Nf3 Nc6 7. Ne5 Nxe5 8.
Bxe5 e6 9. O-O Be7 10. d3 O-O 11. Nd2 Qc6 12. a4 Nd7 13. Bb2 Bf6 14. Bxf6 Nxf6
15. Qf3 e5 16. e4 dxe4 17. Nxe4 Nd5 18. Rfe1 Rad8 19. Nd2 f6 20. Rac1 1/2-1/2

[Event "AUTO-ELITE-1964"]
[Site "http://www.queenalice.com/game.php?id=1522067"]
[Date "2018.4.2"]
[Round "1"]
[White "TigranPetrosian"]
[Black "Seleuco"]
[Result "0-1"]
[WhiteElo "2589"]
[BlackElo "2602"]

1. d4 e6 2. c4 Nf6 3. Nc3 d5 4. cxd5 exd5 5. Bg5 c6 6. e3 Bd6 7. Bd3 O-O 8. Qc2
h6 9. Bh4 Re8 10. Nge2 b6 11. Rc1 Na6 12. a3 Nc7 13. Bg3 Bxg3 14. Nxg3 Bd7 15.
O-O a5 16. Rfd1 Rb8 17. b4 axb4 18. axb4 Qe7 19. Rb1 b5 20. Nce2 g6 21. Nf4 Ra8
22. h3 Rec8 23. Be2 h5 24. Nd3 Na6 25. Rdc1 h4 26. Nf1 Bf5 27. Qb3 Ne8 28. Nh2
Nd6 29. Ng4 Kg7 30. Rc2 Nb8 31. Ra2 Rxa2 0-1

[Event "AUTO-ELITE-1964"]
[Site "http://www.queenalice.com/game.php?id=1522068"]
[Date "2018.4.2"]
[Round "1"]
[White "Seleuco"]
[Black "TigranPetrosian"]
[Result "1-0"]
[WhiteElo "2617"]
[BlackElo "2574"]

1. d4 Nf6 2. Nf3 g6 3. c4 Bg7 4. g3 O-O 5. Bg2 d6 6. Nc3 Nbd7 7. O-O e5 8. dxe5
dxe5 9. Qc2 Qe7 10. e4 c6 11. b3 Re8 12. Rd1 b6 13. Be3 Bb7 14. h3 Rad8 15. Rac1
Nc5 16. b4 Rxd1+ 17. Rxd1 Ncd7 18. a3 Bf8 19. Nd2 Qe6 20. Na4 Ba6 21. Kh2 Rd8
22. Nb2 Bb7 23. c5 bxc5 24. bxc5 Ba6 25. Nd3 Rb8 26. Rc1 h5 27. Bf3 Bb5 28. a4
Ba6 29. Qc3 Be7 30. Nb4 Bc8 31. a5 1-0